Super Smash Bros. Fighters #42 - The R.O.B. Quiz - Statistics

General Stats
  • This quiz has been taken 182 times
    136 since last reset
  • The average score is 9 of 16
Answer Stats
Question Answer % Correct
What year was R.O.B. first released? 1985
94%
What console was R.O.B. released alongside? NES
88%
R.O.B. appeared in a Mario Kart game. Which one? Mario Kart DS
86%
Alongside R.O.B., which two characters appeared in the Retro Amiibo 3-pack? Mr. Game and Watch
73%
What does R.O.B. stand for? Robotic Operating Buddy
72%
R.O.B. 64 is a member of this iconic Nintendo Space Squadron: StarFox
69%
In the Subspace Emissary, which character took control of the R.O.B. species? Ganondorf
68%
This game has you attempt to pile coloured blocks to match the picture on screen. Stack-Up
66%
Alongside R.O.B., which two characters appeared in the Retro Amiibo 3-pack? Duck Hunt
64%
R.O.B. also has a second Amiibo sold separately. What console’s colour scheme is it based on? Famicom
63%
This game involves putting gyros on buttons to make platforms move up and down. Gyromite
63%
Who was R.O.B. disguised as in the beginning of the Subspace Emissary? Ancient Minister
58%
What F-Zero GX track can a giant R.O.B. be seen on? Port Town Aero Dive
32%
What is the name of R.O.B.’s creator and main character of the above game? Professor Hector
10%
His assistant? Professor Vector
6%
Inspired by R.O.B., this StarTropics robot helps you to relocate Dr. Jones: Nav-Com
1%
No matching quizzes found
Score Distribution
Percent of People with Each Score
Percentile by Number Answered
Your Score History
You have not taken this quiz since the last reset